|
|
|
|
| LEADER |
00000nam0a2200000 4500 |
| 001 |
359308 |
| 005 |
20231102011158.0 |
| 035 |
|
|
|a (RuTPU)RU\TPU\retro\16580
|
| 090 |
|
|
|a 359308
|
| 100 |
|
|
|a 20201012d1985 m y0rusy50 ca
|
| 101 |
1 |
|
|a rus
|c ara
|
| 102 |
|
|
|a RU
|
| 105 |
|
|
|a a z 001ay
|
| 200 |
1 |
|
|a Средневековая андалусская проза
|e пер. с араб.
|f сост. М. М. Малышев ; пер. М. А. Салье И. П. Кузьмин ; авт. предисл. И. М. Фильштинский
|
| 210 |
|
|
|a Москва
|c Художественная литература
|d 1985
|
| 215 |
|
|
|a 480 с.
|c ил.
|
| 320 |
|
|
|a Вступительная статья: с. 3-24
|
| 320 |
|
|
|a Комментарии: с. 442-468
|
| 320 |
|
|
|a Словарь имен: с. 469-478
|
| 606 |
1 |
|
|a Зарубежная литература
|2 stltpush
|3 (RuTPU)RU\TPU\subj\11363
|9 38310
|
| 610 |
1 |
|
|a художественная литература
|
| 610 |
1 |
|
|a арабская литература
|
| 610 |
1 |
|
|a андалусская литература
|
| 610 |
1 |
|
|a средние века
|
| 675 |
|
|
|a 89
|v 4
|
| 702 |
|
1 |
|a Малышев
|b М. М.
|4 220
|
| 702 |
|
1 |
|a Салье
|b М. А.
|4 730
|
| 702 |
|
1 |
|a Кузьмин
|b И. П.
|4 730
|
| 702 |
|
1 |
|a Фильштинский
|b И. М.
|4 770
|
| 801 |
|
1 |
|a RU
|b 63413507
|c 20201012
|
| 801 |
|
2 |
|a RU
|b 63413507
|c 20210602
|g RCR
|
| 942 |
|
|
|c BK
|